[Event "Bogota Navidad op"]
[Site "Bogota"]
[Date "2024.12.08"]
[Round "8"]
[White "Riscanevo Oicata, Reyes"]
[Black "Perez Lozano, Edwin"]
[Result "0-1"]
[WhiteElo "1842"]
[BlackElo "1445"]
[PlyCount "114"]
[EventDate "2024.12.04"]
[EventType "swiss"]
[EventRounds "9"]
[EventCountry "COL"]
[SourceTitle "CB50_2024"]
[SourceDate "2024.11.01"]
[SourceVersion "1"]
[SourceVersionDate "2024.11.01"]
[SourceQuality "2"]

1. Nf3 d5 2. d4 Bf5 3. c4 e6 4. Nc3 Nf6 5. Qb3 b6 6. Bg5 c6 7. cxd5 exd5 8. e3 Be7 9. Be2 0-0 10. 0-0 Nbd7 11. Rac1 c5 12. Nd2 Be6 13. Bf3 Ne4 14. Ndxe4 dxe4 15. Bxe7 Qxe7 16. d5 exf3 17. dxe6 fxg2 18. exf7+ Qxf7 19. Qxf7+ Rxf7 20. Kxg2 Raf8 21. f4 Nf6 22. f5 Ng4 23. Rf3 Rxf5 24. Rxf5 Nxe3+ 25. Kg1 Nxf5 26. Rd1 Ne3 27. Re1 Nc4 28. b3 Nd2 29. Rd1 Nf3+ 30. Kg2 Nd4 31. Nd5 Re8 32. Rd2 Re2+ 33. Rxe2 Nxe2 34. Ne7+ Kf7 35. Nc8 Nc3 36. Nxa7 Nxa2 37. Nc8 b5 38. Nd6+ Ke6 39. Nxb5 Nc1 40. Kf3 Nxb3 41. Nc3 Kf5 42. Nd5 Nd4+ 43. Kg3 Kg5 44. h4+ Kh6 45. Kg4 c4 46. Nc3 Kg6 47. h5+ Kh6 48. Ne4 g6 49. hxg6 hxg6 50. Nc3 Nc6 51. Ne4 g5 52. Kf3 Kh5 53. Kg3 Ne7 54. Nf6+ Kg6 55. Ne4 Nd5 56. Kf3 c3 57. Ke2 Kf5 0-1